Zoznam slovenských technických noriem 2003. CD-ROM : Stav k 1.1.2003. 3. diel - trieda 39-50.

Salvato in:
Dettagli Bibliografici
Natura: Reg. sonora musicale
Lingua:slovacco
Pubblicazione: Bratislava : Slovenský ústav technickej normalizácie, 2003
Soggetti:
Tags: Aggiungi Tag
Nessun Tag, puoi essere il primo ad aggiungerne!!

MARC

LEADER 00000njm a22000003a 4500
001 stu84445
005 20150408161453.8
008 040301s2003----xo------------------slo-d
040 |a STU  |b slo 
041 0 |a slo 
044 |a xo 
080 |a 62(083.2) 
080 |a 006.3(437.6) 
245 |a Zoznam slovenských technických noriem 2003. CD-ROM :  |b Stav k 1.1.2003. 3. diel - trieda 39-50. 
260 |a Bratislava :  |b Slovenský ústav technickej normalizácie,  |c 2003 
300 |a 319 s 
300 |a 280 s 
300 |a 140 s 
300 |a 321 s 
300 |a 186 s 
300 |a 54 s 
650 7 |a normy technické slovenské-katalógy  |2 stusub 
996 |b CUP242  |c C*UP242  |l CCVIIIA  |s P  |a 0  |w stu84445_0001